000
00327 a2200157 4500
001
184553
020
_a
85-7338-785-8
040
_c
Magnum
100
_a
Alphonsus, João
240
1
0
_a
Galinha cega
_l
por
245
1
0
_a
Galinha cega
300
_a
39
362
0
_a
2003
697
_a
LITERATURA INFANTO-JUVENIL
942
_c
BK
999
_c
184553
_d
184553